| 000 | 06318cam a22019334i 4500 | ||
|---|---|---|---|
| 003 | PE-LiUPU | ||
| 005 | 20250813165339.0 | ||
| 008 | 130521s2012 mx a r 001 0 spa | ||
| 020 | _a6073210620 | ||
| 020 | _a9786073210621 | ||
| 035 | _a(Sirsi) i9786073210621 | ||
| 035 | _a(Sirsi) i9786073210621 | ||
| 040 |
_aPE-LiUPU _bspa _cPE-LiUPU _erda |
||
| 049 | _aPRUA | ||
| 082 | 1 |
_a624.171 _bH51 |
|
| 100 | 1 |
_aHibbeler, Russel C., _eautor. |
|
| 245 | 1 | 0 |
_aAnálisis estructural / _cRussell C. Hibbeler ; traducción Jesús Elmer Murrieta murrieta ; revisión técnica Gelacio Juárez Luna, David Sepúlveda Garcia. |
| 250 | _aOctava edición. | ||
| 264 | 1 |
_aMéxico, D. F. : _bPearson Educación, _c2012. |
|
| 300 |
_axx, 695 páginas : _bilustraciones ; _c26 centímetros |
||
| 336 |
_atext _2rdacontent |
||
| 337 |
_aunmediated _2rdamedia |
||
| 338 |
_avolume _2rdacarrier |
||
| 504 | _aÍndice : páginas 681-695. | ||
| 505 | _aTipos de estrucuras y cargas -- Análisis de estructuras estáticamente determinadas -- Análisis de armaduras estáticamente determinadas -- Cargas internas desarrolladas en elementos estructurales -- Cables y arcos -- Líneas de influecia para estructuras estáticamente determinadas -- Análisis aproximado de esstructuras estáticamente indeterminadas -- Deflexiones -- Deflexiones empleando métodos de energía -- Análisis de etructuras estáticamente indeterminadas por el método de la fuerza -- Método de análisis del desplazamiento: Ecuaciones de pendiente-deflexión -- Método de análisis del desplazamiento: distribución de momentos -- Vigas y marcos con elementos no prismáticos -- Análisis de armaduras utilizando el método de lal rigidez -- Análisis de vigas utilizando el método de la rigidez -- Análisis de marcos plpanos utilizando el método de la rigidez. | ||
| 526 | _aP203 | ||
| 526 | _aP200 | ||
| 526 | _aSEG65 | ||
| 526 | _aSEG64 | ||
| 526 | _aSEG63 | ||
| 526 | _aSEG62 | ||
| 526 | _aSEG61 | ||
| 526 | _aSEG60 | ||
| 526 | _aSEG59 | ||
| 526 | _aSEG58 | ||
| 526 | _aSEG57 | ||
| 526 | _aSEG56 | ||
| 526 | _aSEG55 | ||
| 526 | _aSEG54 | ||
| 526 | _aSEG53 | ||
| 526 | _aSEG52 | ||
| 526 | _aSEG51 | ||
| 526 | _aSEG50 | ||
| 526 | _aSEG49 | ||
| 526 | _aSEG48 | ||
| 526 | _aSEG47 | ||
| 526 | _aSEG46 | ||
| 526 | _aSEG24 | ||
| 526 | _aSEG23 | ||
| 526 | _aSEG22 | ||
| 526 | _aSEG21 | ||
| 526 | _aSEG20 | ||
| 526 | _aSEG19 | ||
| 526 | _aSEG18 | ||
| 526 | _aSEG17 | ||
| 526 | _aSEG16 | ||
| 526 | _aSEG14 | ||
| 526 | _aSEG13 | ||
| 526 | _aSEG12 | ||
| 526 | _aSEG11 | ||
| 526 | _aSEG10 | ||
| 526 | _aSEG09 | ||
| 526 | _aSEG06 | ||
| 526 | _aSEG05 | ||
| 526 | _aSEG04 | ||
| 526 | _aSEG03 | ||
| 526 | _aSEG02 | ||
| 526 | _aSEG68 | ||
| 526 | _aSEG66 | ||
| 526 | _aSEG45 | ||
| 526 | _aSEG25 | ||
| 526 | _aSEG01 | ||
| 526 | _aP163 | ||
| 526 | _aP162 | ||
| 526 | _aP161 | ||
| 526 | _aP160 | ||
| 526 | _aP159 | ||
| 526 | _aP158 | ||
| 526 | _aP157 | ||
| 526 | _aP156 | ||
| 526 | _aP155 | ||
| 526 | _aP154 | ||
| 526 | _aP153 | ||
| 526 | _aP152 | ||
| 526 | _aP151 | ||
| 526 | _aP150 | ||
| 526 | _aP149 | ||
| 526 | _aP142 | ||
| 526 | _aP141 | ||
| 526 | _aP140 | ||
| 526 | _aP139 | ||
| 526 | _aP138 | ||
| 526 | _aP137 | ||
| 526 | _aP132 | ||
| 526 | _aP131 | ||
| 526 | _aP130 | ||
| 526 | _aP126 | ||
| 526 | _aP125 | ||
| 526 | _aP124 | ||
| 526 | _aP123 | ||
| 526 | _aP115 | ||
| 526 | _aP122 | ||
| 526 | _aP121 | ||
| 526 | _aP116 | ||
| 526 | _a P114 | ||
| 526 | _aP112 | ||
| 526 | _aP111 | ||
| 526 | _aP104 | ||
| 526 | _aP103 | ||
| 526 | _aP102 | ||
| 526 | _aP101 | ||
| 526 | _aP100 | ||
| 526 | _aP96 | ||
| 526 | _aP95 | ||
| 526 | _aP93 | ||
| 526 | _aP92 | ||
| 526 | _aP91 | ||
| 526 | _aP88 | ||
| 526 | _aP83 | ||
| 526 | _aP82 | ||
| 526 | _aP79 | ||
| 526 | _aP78 | ||
| 526 | _aP75 | ||
| 526 | _aP74 | ||
| 526 | _aP71 | ||
| 526 | _aP69 | ||
| 526 | _a P51 | ||
| 526 | _aP49 | ||
| 526 | _aP48 | ||
| 526 | _aP47 | ||
| 526 | _aP33 | ||
| 526 | _aP31 | ||
| 526 | _a P30 | ||
| 526 | _aP29 | ||
| 526 | _aP27 | ||
| 526 | _aP26 | ||
| 526 | _aP25 | ||
| 526 | _aP24 | ||
| 526 | _a P22 | ||
| 526 | _aP10 | ||
| 526 | _aP09 | ||
| 526 | _a P08 | ||
| 526 | _aP06 | ||
| 526 | _aP05 | ||
| 526 | _aP04 | ||
| 526 | _aP01 | ||
| 541 | _g044-0022970; | ||
| 650 | 1 | 4 |
_aAnálisis estructural (Ingeniería). _9127 |
| 700 | 1 |
_aMurrieta Murrieta, Jesús Elmer, _etraductor. |
|
| 700 | 1 |
_aJuárez Luna, Gelacio, _erevisor. |
|
| 700 | 1 |
_aSepúlveda Garcia, David, _erevisor. |
|
| 942 |
_2ddc _cBOOK |
||
| 949 |
_a624.171 H51 _wDEWEY _c1 _i72919 _d2016-11-20 _e2016-11-14 _lCCODEBUL1 _mBUL _n8 _p43.60 _r0 _sY _tBOOK _u2016-5-18 _xINGENIERIA _PP25 _0COMPRA _o.STAFF. Colección General |
||
| 949 |
_a624.171 H51 _wDEWEY _c1 _iFJ00429 _lCCODEBUJ1 _mBUJ _p44.50 _r0 _sY _tBOOK _u2016-06-15 _xINGENIERIA _PP25 _0COMPRA _o.STAFF. Colección General Juliaca |
||
| 949 |
_a624.171 H51 _wDEWEY _c2 _i73270 _lCCODEBUL1 _mBUL _p43.60 _r0 _sY _tBOOK _u2016-5-18 _xINGENIERIA _PP25 _0COMPRA _o.STAFF. Colección General |
||
| 949 |
_a624.171 H51 _wDEWEY _c3 _i73271 _d2016-10-28 _e2016-10-24 _lCCODEBUL1 _mBUL _n7 _p43.60 _r0 _sY _tBOOK _u2016-5-18 _xINGENIERIA _PP25 _0COMPRA _o.STAFF. Colección General |
||
| 994 |
_aC0 _bPEPRU |
||
| 596 | _a1 3 | ||
| 999 |
_a624.171 H51 _wDEWEY _c9381 _i72919 _d9381 _e2019-10-18 _f2021-11-9 _g7 _lCCODEBUL1 _mBUL _n22 _p43.60 _q7 _r0 _sY _tBOOK _u2016-5-18 _xINGENIERIA _PP25 _0COMPRA _o.STAFF. Colección Ingeniería y Arquitectura |
||
| 999 |
_a624.171 H51 _wDEWEY _c2 _i73270 _f2021-11-9 _g4 _lCCODEBUL1 _mBUL _p43.60 _r0 _sY _tBOOK _u2016-5-18 _xINGENIERIA _PP25 _0COMPRA _o.STAFF. Colección General |
||
| 999 |
_a624.171 H51 _wDEWEY _c3 _i73271 _d2019-9-30 _e2019-9-22 _f2021-11-9 _g7 _lCCODEBUL1 _mBUL _n26 _p43.60 _q10 _r0 _sY _tBOOK _u2016-5-18 _xINGENIERIA _PP25 _0COMPRA _o.STAFF. Colección Ingeniería y Arquitectura |
||
| 999 |
_a624.171 H51 _wDEWEY _c1 _iFJ00429 _d2019-10-23 _e2019-9-15 _f2022-1-26 _g4 _lCCODEBUJ1 _mBUJ _n14 _p44.50 _q19 _r0 _sY _tBOOK _u2016-6-15 _xINGENIERIA _PP25 _0COMPRA _o.STAFF. Colección General Juliaca |
||
| 980 |
_81 _gALBERTO SANCHEZ Responsable de Automatización |
||